Statistics for Mitski - Complete the Lyric

Click here to take the quiz!

General Stats

  • This quiz has been taken 249 times
  • The average score is 12 of 15

Answer Stats

HintAnswer% Correct
How I feel this river rushing through my ____veins
97%
Did you go and make _____ you can't keep?promises
93%
I should tell them that I'm not afraid to die
I better ___ that interview
ace
92%
See the dark, it moves
With every breath of the breeze

[Outro]
_______
Aah / Screaming
91%
When I saw the girl looked just like me
And it broke my heart, the lengths you went to ______
hold me
89%
I will retire to the Salton Sea at the age of ___23
88%
They'll never know how I'd stared at the dark in that room
With no thoughts like a _____ shark
blood sniffin'
86%
So you can look me up and down and tell me
"Well done, girl, you're______"
looking good
86%
There's some kind of burning inside me
It's kept me from _____
falling apart
85%
All the _____ are on the ground
And I try, I'm trying to pick them up
eggshells
84%
Here's my hand
There's the ____
But I'm not supposed to scratch
itch
84%
And I say your name in hopes you'll hear it in the _____stars
82%
Treasure hunter you are dead, the ___ of the world is fadinglight
78%
I'll keep going to work, and you won't see a change
Save, perhaps, a slight ___ in my eye
grey
62%
Not only ______
Not only what we've known
hands and toes
44%

Score Distribution

Percentile by Number Answered

Percent of People with Each Score

Your Score History

You have not taken this quiz